000 01288cam a2200265 i 4500
003 SA-RiAUC
005 20260125125349.0
008 260109s1908 ua g 00000 ara c
040 _aSA-RiAUC
_bara
_cSA-RiAUC
_erda
082 0 4 _a415.1
_qSA-RiAUC
090 _aم ن 415.1
_bف ا ك
100 1 _aالفاكهي، عبد الله بن أحمد بن عبد الله،
_d899-972 هجري
_eمؤلف.
245 1 0 _aشرح الفواكه الجنية على متممة الآجرومية /
_cعبد الله بن أحمد الفاكهي. بهامشه متممة الآجرومية / للحطاب الرعيني.
264 1 _aالقاهرة :
_bمصطفى البابي الحلبي،
_c1908
264 3 _a[مكان الطبع غير محدد] :
_bمطبعة دار الكتب العربية الكبرى
300 _a103 صفحة ؛
_c28 سم
336 _aنص
_btxt
_2rdacontent
_3كتاب
337 _aبدون وسيط
_bn
_2rdamedia
338 _aمجلد
_bnc
_2rdacarrier
650 7 _aاللغة العربية
_xنحو
_2aucsh
700 1 2 _aالحطاب، محمد بن محمد بن عبد الرحمن،
_d902-954 هجري
740 0 2 _aمتممة الآجرومية في علم العربية.
942 _2ddc
_cRBOOK COPY
_n0
949 _aSA-JeALM
_d260109
_umohamedma123
_n1
999 _c14161
_d14161